| 000 | 01304cam a2200397 a 4500 | ||
|---|---|---|---|
| 001 | 2156601 | ||
| 003 | ost | ||
| 005 | 20140315111954.0 | ||
| 008 | 990614s2000 nyu c 000 1 eng | ||
| 010 | _a 99016459 | ||
| 020 | _a0439529115 | ||
| 040 |
_aDLC _cDLC _dDLC |
||
| 042 | _alcac | ||
| 050 | 0 | 0 |
_aPZ 7 _b.M478693Cm 2003 |
| 100 | 1 |
_aMcKissack, Pat, _d1944- _924654 |
|
| 245 | 1 | 0 |
_aColor me dark : _bthe diary of Nellie Lee Love, the great migration North / _cby Patricia C. McKissack. |
| 250 | _a1st ed. | ||
| 260 |
_aNew York : _bScholastic, _c2003 |
||
| 300 |
_a218 p. ; _c19 cm. |
||
| 440 | 0 |
_aDear America _96041 |
|
| 521 | _aG4 | ||
| 526 | _c680 | ||
| 650 | 0 |
_aAfrican Americans _vJuvenile fiction. _924655 |
|
| 650 | 1 |
_aAfrican Americans _vFiction. _924656 |
|
| 650 | 1 |
_aFamily life _vFiction. _924657 |
|
| 650 | 1 |
_aPrejudices _vFiction. _924658 |
|
| 650 | 1 |
_aSisters _vFiction. _924659 |
|
| 650 | 1 |
_aDiaries _vFiction. _924660 |
|
| 651 | 1 |
_aTennessee _vFiction. _924661 |
|
| 651 | 1 |
_aChicago (Ill.) _vFiction. _924662 |
|
| 906 |
_a7 _bcbc _corignew _d1 _eocip _f19 _gy-gencatlg |
||
| 942 |
_2lcc _cBK |
||
| 999 |
_c47445 _d47445 |
||